000 00743nam a2200253 4500
003 OSt
005 20260530115317.0
008 260507b1985 xxu||||| |||| 00| 0 eng d
020 _a0679742379
040 _aICI
_bspa
_cICI
_erda
041 _aing
050 _aPN771
_bC35 1988
100 _aCalvino, Italo
_eautor
245 _aSix memos for the next millennium:
_cItalo Calvino.
264 _aNew York :
_bVintage International,
_c1993.
300 _a124 paginas
336 _2rdacontent
_atexto
337 _2rdamedia
_asin medio
338 _2rdacarrier
_avolumen
650 _aLiteratura
_xHistoria y crítica.
_933877
650 _aCreación literaria.
_933878
650 _aLiteratura moderna
_xSiglo XX
_933879
942 _2lcc
_n1
_cBK
999 _c13632
_d13632